| 000 | 00683nam a22001937a 4500 | ||
|---|---|---|---|
| 005 | 20140401044422.0 | ||
| 008 | 040223s2004 nyu b 001 0 eng | ||
| 020 | _a9280810928 | ||
| 080 | _a342.7 | ||
| 245 | 0 | 0 |
_aHuman rights and societies in transition : _cedited by Shale Horowitz and Albrecht Schnabel. |
| 260 |
_aNew York : _bUnited Nations University Press, _c2004. |
||
| 300 |
_a452 f. ; _c23 cm. |
||
| 504 | _aPërfshin Biblografin, Fjalorin dhe indeksin f.430-452 | ||
| 650 | 0 | _aTë drejtat themelore njerëzore | |
| 650 | 0 | _aTë drejtat e njeriut | |
| 700 | 1 | _aHorowitz, Shale Asher. | |
| 700 | 1 | _aSchnabel, Albrecht. | |
| 942 |
_2udc _cBK |
||
| 999 |
_c433 _d433 |
||